Foreign policy and maritime security of India : (Record no. 73958)
[ view plain ]
| 000 -LEADER | |
|---|---|
| fixed length control field | 00811nam a2200265 a 4500 |
| 001 - CONTROL NUMBER | |
| control field | 73958 |
| 003 - CONTROL NUMBER IDENTIFIER | |
| rucl marc code | BD-RjUL |
| 005 - DATE AND TIME OF LATEST TRANSACTION | |
| control field | 20211209082452.0 |
| 008 - FIXED-LENGTH DATA ELEMENTS--GENERAL INFORMATION | |
| fixed length control field | 130726s2013 ii b 001 0 eng d |
| 020 ## - INTERNATIONAL STANDARD BOOK NUMBER | |
| International Standard Book Number | 9788177083514 |
| International Standard Book Number | 8177083511 |
| 035 ## - SYSTEM CONTROL NUMBER | |
| System control number | (BD-RjUL)74176 |
| System control number | (OCoLC)854608887 |
| 040 ## - CATALOGING SOURCE | |
| Original cataloging agency | BTCTA |
| Language of cataloging | eng |
| Description conventions | rda |
| Transcribing agency | BTCTA |
| Modifying agency | CDX |
| -- | DLC |
| -- | BD-RjUL |
| 041 ## - LANGUAGE CODE | |
| Language code of text/sound track or separate title | eng |
| 082 04 - DEWEY DECIMAL CLASSIFICATION NUMBER | |
| Classification number | 327.54 |
| Edition number | 23 |
| 245 00 - TITLE STATEMENT | |
| Title | Foreign policy and maritime security of India : |
| Statement of responsibility, etc. | edited by K.S. Pavithran. |
| 300 ## - PHYSICAL DESCRIPTION | |
| Pagination | xiii, 317 pages ; |
| Size | 23 cm |
| 504 ## - BIBLIOGRAPHY, ETC. NOTE | |
| Bibliography, etc | Includes bibliographical references and index. |
| 650 #0 - SUBJECT ADDED ENTRY--TOPICAL TERM | |
| Topical term or geographic name as entry element | Sea-power |
| Geographic subdivision | India. |
| 9 (RLIN) | 219534 |
| 651 #0 - SUBJECT ADDED ENTRY--GEOGRAPHIC NAME | |
| Geographic name | India |
| General subdivision | Foreign relations |
| Chronological subdivision | 20th century. |
| 9 (RLIN) | 219535 |
| 700 1# - ADDED ENTRY--PERSONAL NAME | |
| Personal name | Pavithran, K. S., |
| Relator term | editor. |
| 942 ## - ADDED ENTRY ELEMENTS (KOHA) | |
| Source of classification or shelving scheme | Dewey Decimal Classification |
| Koha item type | Books |
| Lost status | Source of classification or shelving scheme | Damaged status | Not for loan | Collection code | Permanent Location | Current Location | Shelving location | Date acquired | Source of acquisition | Cost, normal purchase price | Total Checkouts | Full call number | Date last seen | Copy number | Koha item type |
|---|---|---|---|---|---|---|---|---|---|---|---|---|---|---|---|
| Dewey Decimal Classification | Not For Loan | Non-fiction | Central Library, University of Rajshahi | Central Library, University of Rajshahi | Reading Room | 21/09/2017 | R.U. V.C. office | 1070.00 | 327.54 FOR 2013 | 29/11/2017 | C-1 | Books |